000 00314nam a2200133Ia 4500
003 OSt
005 20240212103233.0
008 170524s9999 xx 000 0 und d
020 _a9789354600630
040 _cIIMT UNIVERSITY MEERUT
100 _aTRIPATHI-P.C
245 0 _aPRINCIPLES OF MANAGEMENT
942 _2ddc
_c02
999 _c4380
_d4380